000 00429nam a2200133 a 4500
001 000038489
005 20201002031257.0
008 130412s2003 dr 000 0 spa d
040 _aDO-SdBNP
_bspa
_cBNPHU
100 1 _aFéliz, Carlos Julio
_964837
245 1 0 _aAñoranzas de mi pueblo :
_bimagénes de Pedernales /
_cCarlos Julio Féliz.
260 _aSanto Domingo :
_bMediabyte,
_c2003.
300 _a98 p. :
_bil., retrs. ;
_c16 cm.
999 _c37979
_d37979